| 000 | 00000nam##2200000za#4500 |
| 001 | 9.529338 |
| 003 | CaOODSP |
| 005 | 20241127112811 |
| 007 | ta |
| 008 | 150406|1997||||xxc||||| f|0| 0 eng|d |
| 020 | |a0-662-63209-5|z0-662-25929-7 |
| 040 | |aCaOODSP|beng |
| 041 | |aeng |
| 041 | |afre |
| 043 | |an-cn--- |
| 086 | 1 |aEn56-119/4-1997-1 |
| 110 | 1 |aCanada. |bAtmospheric Environment Service. |
| 245 | 10|aClimate impacts and adaptation : |bAtlantic Canada summary |
| 260 | |aOttawa - Ontario : |bEnvironment Canada. |c1997. |
| 300 | |aEnglish text, 8p. : |billus. ; |c28 cm. |
| 490 | 1 |aCanada country study |
| 546 | |aBilingual |
| 563 | |aSoftcover |
| 590 | |a01-22|b2001-06-01 |
| 690 | 07|aClimate|2gcpds |
| 690 | 07|aNatural resources|2gcpds |
| 776 | 0#|tAtlantic Canada summary|w(CaOODSP)9.574601 |
| 776 | 0#|tSommaire des provinces de l'Atlantique|w(CaOODSP)9.604339 |
| 792 | |tLes impacts et l'adaptation à la variabilité et au changement climatique : |efre|w(CaOODSP)9.529339 |
| 830 | #0|aCanada country study.|w(CaOODSP)9.509288 |